[Event "XVII Weekend B"]
[Site "Campodarsego ITA"]
[Date "2006.01.22"]
[Round "4"]
[White "Castellano, Alfonso"]
[Black "Zanon, Leandro"]
[Result "0-1"]
[WhiteElo "1935"]
[BlackElo "1517"]
[PlyCount "66"]
[EventDate "2006.01.20"]

1. c4 Nf6 2. Nc3 e6 3. g3 Bb4 4. Bg2 d5 5. Qb3 Bxc3 6. bxc3 O-O 7. Nf3 c6 8. c5
Nbd7 9. d4 e5 10. Nxe5 Nxe5 11. dxe5 Ng4 12. f4 Qe7 13. Qb4 a5 14. Qd4 f6 15.
exf6 Nxf6 16. Qe3 Ne4 17. Bxe4 dxe4 18. O-O Bh3 19. Rd1 Rf6 20. Ba3 h5 21. Rd6
Raf8 22. Rxf6 Rxf6 23. Rd1 g5 24. Kh1 gxf4 25. gxf4 Be6 26. Rg1+ Kf7 27. Qg3
Ke8 28. c4 Bxc4 29. Bb2 e3 30. h4 Qe4+ 31. Kh2 Rxf4 32. Rg2 Rxh4+ 33. Kg1 Qb1+
0-1

[Event "XVII Weekend B"]
[Site "Campodarsego ITA"]
[Date "2006.01.22"]
[Round "4"]
[White "Demiraj, Rumi"]
[Black "Favero, Graziano"]
[Result "1-0"]
[WhiteElo "1895"]
[BlackElo "1649"]
[PlyCount "91"]
[EventDate "2006.01.20"]

1. e4 d6 2. d4 Nf6 3. Bd3 g6 4. f4 Bg7 5. Nf3 O-O 6. O-O c5 7. e5 Nd5 8. c4 Nb4
9. d5 Nxd3 10. Qxd3 Na6 11. a3 Rb8 12. Nc3 Nc7 13. Bd2 Bf5 14. Qe3 b5 15. b3
Bc2 16. Ne2 bxc4 17. bxc4 Rb3 18. Bc3 Qb8 19. Nd2 Rb7 20. g4 f5 21. g5 Qd8 22.
e6 Be4 23. Nxe4 fxe4 24. Bxg7 Kxg7 25. Qxe4 Ne8 26. Ng3 Qa5 27. Rf3 Qd2 28.
Raf1 Rb2 29. R3f2 Qc3 30. Rxb2 Qxb2 31. Qd3 Kg8 32. Rb1 Qd4+ 33. Qxd4 cxd4 34.
Rf1 Ng7 35. h4 Rc8 36. Rb1 Rf8 37. Rf1 Rc8 38. f5 Nxf5 39. Nxf5 gxf5 40. Rxf5
Rxc4 41. Kf2 d3 42. Ke3 Rxh4 43. Kxd3 Rh3+ 44. Kc4 Rxa3 45. Rf7 Ra5 46. Rxe7
1-0

[Event "XVII Weekend B"]
[Site "Campodarsego ITA"]
[Date "2006.01.22"]
[Round "4"]
[White "Elsler, Helene"]
[Black "Bernardo, Davide"]
[Result "1/2-1/2"]
[WhiteElo "1534"]
[BlackElo "1473"]
[PlyCount "94"]
[EventDate "2006.01.20"]

1. Nf3 c5 2. g3 Nc6 3. Bg2 Nf6 4. O-O g6 5. d3 Bg7 6. e4 d5 7. Nc3 d4 8. Ne2
Bg4 9. h3 Bxf3 10. Bxf3 Ne5 11. Bg2 Qc7 12. f4 Ned7 13. e5 Ng8 14. c3 dxc3 15.
bxc3 f6 16. d4 Nh6 17. Rb1 Rb8 18. Be3 b6 19. Qa4 e6 20. Bc6 Nf5 21. Bf2 Ne7
22. Bxd7+ Qxd7 23. Qxd7+ Kxd7 24. dxc5 bxc5 25. Bxc5 Rxb1 26. Rxb1 fxe5 27.
Rb7+ Kc6 28. Rxe7 Bf8 29. Rxe6+ Kxc5 30. Rxe5+ Kc4 31. Re4+ Kd3 32. Re6 Bc5+
33. Kg2 Rb8 34. Kf3 Rb2 35. a4 Rb1 36. Kg4 Re1 37. Re5 Be3 38. Nd4 Kxc3 39.
Nb5+ Kd2 40. Nxa7 Bxa7 41. Rxe1 Kxe1 42. Kg5 Kf2 43. g4 Kg3 44. h4 Be3 45. Kh6
Bxf4+ 46. Kxh7 Kxh4 47. Kxg6 Kxg4 1/2-1/2

[Event "XVII Weekend B"]
[Site "Campodarsego ITA"]
[Date "2006.01.22"]
[Round "4"]
[White "Fracasso Pezzolato, Michele"]
[Black "Giordan, Daniele"]
[Result "0-1"]
[WhiteElo "1799"]
[BlackElo "1870"]
[PlyCount "102"]
[EventDate "2006.01.20"]

1. e4 d6 2. d4 g6 3. Nf3 Bg7 4. Be3 c6 5. c4 c5 6. Nc3 cxd4 7. Nxd4 Nc6 8. Qd2
Bd7 9. Be2 Qa5 10. Rd1 O-O-O 11. a3 a6 12. O-O Nxd4 13. Bxd4 Bxd4 14. Qxd4 Nf6
15. Qa7 Bc6 16. Nd5 Kd7 17. c5 Nxe4 18. b4 Qxa3 19. b5 Bxd5 20. Rxd5 Nxc5 21.
bxa6 Ke6 22. Rxc5 Qxc5 23. Qxb7 Rb8 24. Qe4+ Kf6 25. Bc4 Rhc8 26. Bd5 e6 27.
Qf4+ Kg7 28. Bb7 Rc7 29. Rb1 Qc2 30. Re1 Qc3 31. Qe4 d5 32. Qe2 Rcxb7 33. axb7
Rxb7 34. f3 Rb2 35. Qe5+ Qxe5 36. Rxe5 Kf6 37. f4 Ke7 38. Kf1 Kd6 39. h4 f6 40.
Re3 e5 41. fxe5+ fxe5 42. Rf3 Rb7 43. Ke1 d4 44. g4 e4 45. Rf8 Ke5 46. h5 gxh5
47. Rf5+ Ke6 48. Rxh5 e3 49. Ke2 Rb2+ 50. Kd3 Rd2+ 51. Ke4 e2 0-1

[Event "XVII Weekend B"]
[Site "Campodarsego ITA"]
[Date "2006.01.22"]
[Round "4"]
[White "Giancristofaro, Luca"]
[Black "Cusella, Flaviano"]
[Result "1-0"]
[WhiteElo "1509"]
[BlackElo "1464"]
[PlyCount "103"]
[EventDate "2006.01.20"]

1. e4 d6 2. d4 Nf6 3. Nc3 g6 4. Bc4 Bg7 5. Nge2 O-O 6. O-O c5 7. f4 Nc6 8. e5
Ne8 9. Ne4 cxd4 10. Nxd4 Nxd4 11. Qxd4 Qb6 12. Qxb6 axb6 13. exd6 Nxd6 14. Nxd6
exd6 15. Bd3 f5 16. c3 Be6 17. a3 Rfe8 18. Be3 Bd5 19. Bxb6 Rac8 20. Rfe1 Be4
21. Re3 d5 22. Rf1 Kf7 23. Bb5 Red8 24. Bxd8 Rxd8 25. Re2 d4 26. Rd2 Kf8 27.
Rfd1 Bh6 28. g3 Bf3 29. Rxd4 Rxd4 30. Rxd4 Ke7 31. Rd7+ Ke6 32. Rxh7 Bf8 33.
Kf2 Bd5 34. Ke3 Bc5+ 35. Ke2 Kf6 36. b4 Be7 37. Kd3 Bg2 38. Kd4 Bd8 39. c4 g5
40. fxg5+ Kxg5 41. c5 Kg6 42. Rd7 Bf6+ 43. Ke3 Bb2 44. Rd3 Be5 45. Rd2 Be4 46.
Be2 Kg5 47. Bf3 f4+ 48. gxf4+ Bxf4+ 49. Kxe4 Bxd2 50. Kd3 Bc1 51. Bxb7 Bxa3 52.
c6 1-0

[Event "XVII Weekend B"]
[Site "Campodarsego ITA"]
[Date "2006.01.22"]
[Round "4"]
[White "Liekocaj, Ivan"]
[Black "De Marchi, Alessandro"]
[Result "1-0"]
[WhiteElo "1700"]
[BlackElo "1470"]
[PlyCount "67"]
[EventDate "2006.01.20"]

1. d4 Nf6 2. c4 g6 3. Nc3 Bg7 4. e4 d6 5. Nf3 O-O 6. g3 Re8 7. Bg2 c6 8. O-O
Qc7 9. h3 e5 10. dxe5 dxe5 11. Qc2 Be6 12. Ne2 Na6 13. a3 Nc5 14. Ng5 a5 15.
Be3 Qe7 16. Nxe6 fxe6 17. b4 axb4 18. axb4 Na6 19. b5 Nb4 20. Qb3 Red8 21. Rxa8
Rxa8 22. Rb1 c5 23. Bxc5 Qxc5 24. Qxb4 Qxb4 25. Rxb4 Ra1+ 26. Kh2 Re1 27. Rb2
Bf8 28. Rc2 Bc5 29. Bf3 Bxf2 30. c5 Ne8 31. c6 bxc6 32. Rxc6 Kf7 33. Nc1 Ke7
34. Nd3 1-0

[Event "XVII Weekend B"]
[Site "Campodarsego ITA"]
[Date "2006.01.22"]
[Round "4"]
[White "Marson, Antonio"]
[Black "Tonolo, Maurizio"]
[Result "1/2-1/2"]
[WhiteElo "1851"]
[BlackElo "1712"]
[PlyCount "37"]
[EventDate "2006.01.20"]

1. d4 d5 2. Bf4 Bf5 3. e3 e6 4. Nf3 h6 5. Bd3 Bxd3 6. Qxd3 c6 7. c3 Nf6 8. h3
Bd6 9. Be5 Bxe5 10. Nxe5 Nbd7 11. f4 Ne4 12. O-O Qe7 13. Nd2 Ndf6 14. Nxe4 Nxe4
15. Rac1 O-O 16. Ng4 Rac8 17. Rf3 c5 18. Rcf1 c4 19. Qe2 1/2-1/2

[Event "XVII Weekend B"]
[Site "Campodarsego ITA"]
[Date "2006.01.22"]
[Round "4"]
[White "Pagan, Andrea"]
[Black "Lucich, Gianni"]
[Result "1-0"]
[WhiteElo "1733"]
[BlackElo "1550"]
[PlyCount "46"]
[EventDate "2006.01.20"]

1. d4 Nf6 2. c4 g6 3. Nc3 Bg7 4. e4 d6 5. f4 O-O 6. Nf3 Bg4 7. Be2 Nbd7 8. h3
Bxf3 9. Bxf3 e5 10. fxe5 dxe5 11. d5 a6 12. O-O Qe7 13. Be3 Rfd8 14. a3 Ne8 15.
b4 c5 16. Rb1 Rac8 17. Qb3 cxb4 18. axb4 Nef6 19. c5 Nb8 20. d6 Qd7 21. Bg5 Re8
22. Bxf6 Bxf6 23. Bg4 Qc6 1-0

[Event "XVII Weekend B"]
[Site "Campodarsego ITA"]
[Date "2006.01.22"]
[Round "4"]
[White "Palumbo, Giuseppe"]
[Black "Camosi, Roberto"]
[Result "1-0"]
[WhiteElo "1631"]
[BlackElo "1703"]
[PlyCount "67"]
[EventDate "2006.01.20"]

1. e4 e5 2. Nf3 Nc6 3. Bc4 Nf6 4. d3 h6 5. Nc3 Bc5 6. O-O O-O 7. Bd2 a6 8. Qc1
Kh7 9. a3 d6 10. h3 Be6 11. Nd5 Nd4 12. Nxd4 Bxd4 13. Be3 Ba7 14. Bxa7 Rxa7 15.
Qe3 Ra8 16. f4 Nxd5 17. exd5 b5 18. Ba2 Bd7 19. fxe5 Qe7 20. e6 c6 21. Qe4+ Kh8
22. exd7 Qxd7 23. dxc6 Qc7 24. Bd5 Rae8 25. Qf3 Re5 26. Rae1 Qe7 27. Rxe5 dxe5
28. Qe3 f6 29. Qb6 Qd6 30. Be4 Rd8 31. c3 Rb8 32. Qxa6 Qc5+ 33. Kh1 Qe3 34. c7
1-0

[Event "XVII Weekend B"]
[Site "Campodarsego ITA"]
[Date "2006.01.22"]
[Round "4"]
[White "Pivovarov, Michail"]
[Black "Bonani, Georg"]
[Result "0-1"]
[WhiteElo "1600"]
[BlackElo "1897"]
[PlyCount "116"]
[EventDate "2006.01.20"]

1. c4 Nf6 2. Nc3 g6 3. g3 Bg7 4. Bg2 O-O 5. Nf3 d6 6. d4 Nc6 7. O-O e5 8. d5
Nb8 9. Ng5 a5 10. Bd2 Nbd7 11. a3 Nc5 12. Rb1 a4 13. Qc2 Nh5 14. Bf3 Nf6 15.
Nge4 Nfxe4 16. Nxe4 Nb3 17. Bg5 f6 18. Be3 f5 19. Nc3 Bd7 20. Bg2 Qf6 21. f4
exf4 22. Bxf4 Qd4+ 23. Kh1 Qxc4 24. Be3 Rae8 25. Rf4 Qa6 26. Nd1 Bh6 27. Rf3
Bxe3 28. Rxe3 Rxe3 29. Nxe3 Qb6 30. Nf1 Re8 31. e3 Re5 32. Rd1 Bb5 33. e4 Qc5
34. Qxc5 Nxc5 35. exf5 Rxf5 36. Kg1 Re5 37. Rd2 Kf7 38. h4 Bc4 39. Rd4 b5 40.
Nd2 Nb3 41. Rf4+ Rf5 42. Nxc4 Rxf4 43. Nxd6+ cxd6 44. gxf4 Kf6 45. Be4 Na5 46.
Kf2 Nc4 47. Bd3 h6 48. Kf3 g5 49. fxg5+ hxg5 50. h5 Ne5+ 51. Ke3 Nxd3 52. Kxd3
g4 53. Ke4 Kg5 54. h6 Kxh6 55. Kf5 g3 56. Ke6 g2 57. Kxd6 g1=Q 58. Kc7 Qc5+ 0-1

[Event "XVII Weekend B"]
[Site "Campodarsego ITA"]
[Date "2006.01.22"]
[Round "4"]
[White "Rosina, Graziano"]
[Black "Reginato, Sabrina"]
[Result "1/2-1/2"]
[WhiteElo "1521"]
[BlackElo "1493"]
[PlyCount "80"]
[EventDate "2006.01.20"]

1. e4 c5 2. Nf3 d6 3. d4 cxd4 4. c3 dxc3 5. Nxc3 a6 6. Bc4 e6 7. O-O Nc6 8. Qe2
Nf6 9. Rd1 Qc7 10. Bf4 Be7 11. Rac1 Qb8 12. e5 dxe5 13. Nxe5 Nxe5 14. Bxe5 Qa7
15. Bxf6 Bxf6 16. Nd5 Bd8 17. Bb5+ axb5 18. Qxb5+ Kf8 19. Qb4+ Kg8 20. Ne7+
Bxe7 21. Qxe7 h6 22. Rc7 Kh7 23. Qxf7 Rg8 24. Rd8 Bd7 25. Rdxd7 Qxa2 26. h4
Qxb2 27. h5 Ra1+ 28. Kh2 Qe5+ 29. g3 Qe4 30. Qg6+ Qxg6 31. hxg6+ Kxg6 32. Rxb7
Ra6 33. Kg2 h5 34. Re7 Kh6 35. Rf7 g5 36. Kf3 Kg6 37. Ke4 Ra5 38. Rfe7 Kf6 39.
Rf7+ Kg6 40. Rfe7 Kf6 1/2-1/2

[Event "XVII Weekend B"]
[Site "Campodarsego ITA"]
[Date "2006.01.22"]
[Round "4"]
[White "Sartori, Francesco"]
[Black "Fragni, Enrico"]
[Result "1/2-1/2"]
[WhiteElo "1476"]
[BlackElo "1844"]
[PlyCount "42"]
[EventDate "2006.01.20"]

1. e4 c6 2. d4 d6 3. Nc3 Qc7 4. Nf3 e5 5. dxe5 dxe5 6. Bc4 Bg4 7. Qd3 Bxf3 8.
Qxf3 Nf6 9. Bg5 Nbd7 10. O-O Be7 11. Rad1 O-O 12. Qg3 Nh5 13. Qg4 Ndf6 14. Qf5
g6 15. Qf3 Kg7 16. Be2 Nf4 17. Qe3 N6h5 18. Bxf4 Nxf4 19. Bg4 Bg5 20. Kh1 Ne6
21. Qe2 Nf4 1/2-1/2

[Event "XVII Weekend B"]
[Site "Campodarsego ITA"]
[Date "2006.01.22"]
[Round "4"]
[White "Tomio, Dante"]
[Black "Busa', Michele"]
[Result "1-0"]
[WhiteElo "1831"]
[BlackElo "1616"]
[PlyCount "89"]
[EventDate "2006.01.20"]

1. d4 g6 2. Nf3 Nf6 3. c4 d6 4. Nc3 Bg7 5. e4 c6 6. Be2 O-O 7. h3 Nbd7 8. Be3
e5 9. O-O Qc7 10. Rc1 Rd8 11. Qc2 Ne8 12. d5 Nf8 13. Ne1 f5 14. f3 f4 15. Bf2
c5 16. b4 b6 17. Bh4 Bf6 18. Bxf6 Nxf6 19. Nd3 Qe7 20. bxc5 bxc5 21. Nf2 Nh5
22. Rb1 Ng3 23. Rfe1 h5 24. Rb2 Nh7 25. Reb1 Kg7 26. Bf1 g5 27. Rb8 Rxb8 28.
Rxb8 g4 29. fxg4 hxg4 30. Nxg4 Bxg4 31. Rxd8 Qxd8 32. hxg4 Qh4 33. Be2 Nf6 34.
Qd1 Qh1+ 35. Kf2 Nfxe4+ 36. Nxe4 Qxd1 37. Bxd1 Nxe4+ 38. Ke1 Kg6 39. Bc2 Kg5
40. Bxe4 Kxg4 41. Kd2 Kg3 42. Kd3 Kf2 43. Bf3 a6 44. Ke4 Ke1 45. Kf5 1-0

[Event "XVII Weekend B"]
[Site "Campodarsego ITA"]
[Date "2006.01.22"]
[Round "4"]
[White "Vedovato, Rudi"]
[Black "Facchin, Francesco"]
[Result "1/2-1/2"]
[WhiteElo "1706"]
[BlackElo "1506"]
[PlyCount "50"]
[EventDate "2006.01.20"]

1. d4 Nf6 2. Bg5 d5 3. Bxf6 exf6 4. e3 Nd7 5. c4 dxc4 6. Bxc4 c6 7. Nf3 Bb4+ 8.
Nc3 O-O 9. O-O Nb6 10. Be2 Be6 11. a3 Bd6 12. Rc1 f5 13. Qc2 Nd5 14. Na4 g6 15.
Nc5 Qc7 16. b4 Rac8 17. Qb2 Qe7 18. Rfd1 Nf6 19. Ne5 Bd5 20. Bc4 Bxc5 21. bxc5
Bxc4 22. Nxc4 Qc7 23. Nd6 Rb8 24. Qc2 b5 25. Rb1 a6 1/2-1/2

[Event "XVII Weekend B"]
[Site "Campodarsego ITA"]
[Date "2006.01.22"]
[Round "5"]
[White "Bernardo, Davide"]
[Black "Camonico, Andrea"]
[Result "1-0"]
[WhiteElo "1473"]
[BlackElo "1425"]
[PlyCount "36"]
[EventDate "2006.01.20"]

1. c4 e5 2. Nc3 Nc6 3. Nf3 Bc5 4. e3 Bb4 5. Qc2 d6 6. a3 Bxc3 7. Qxc3 Nge7 8.
Bd3 O-O 9. O-O f5 10. e4 fxe4 11. Bxe4 Rf4 12. d3 Rf8 13. d4 Bf5 14. Qc2 Bxe4
15. Qxe4 exd4 16. Ng5 g6 17. Qe6+ Kg7 18. Qh3 h5 1-0

[Event "XVII Weekend B"]
[Site "Campodarsego ITA"]
[Date "2006.01.22"]
[Round "5"]
[White "Bonani, Georg"]
[Black "Fracasso Pezzolato, Michele"]
[Result "1-0"]
[WhiteElo "1897"]
[BlackElo "1799"]
[PlyCount "83"]
[EventDate "2006.01.20"]

1. e4 e5 2. f4 exf4 3. Bc4 Qh4+ 4. Kf1 Nf6 5. Nf3 Qh5 6. Nc3 d6 7. d3 Nc6 8.
Bxf4 Bd7 9. Qe1 O-O-O 10. Ng5 Ne5 11. Qf2 Kb8 12. Bxe5 Qxg5 13. Bxf6 gxf6 14.
Bxf7 f5 15. h4 Qe7 16. Bh5 fxe4 17. dxe4 Bg7 18. Bf3 h5 19. Nd5 Qe5 20. c3 Rdf8
21. Rd1 c6 22. Nb4 Rh6 23. Qd4 Qb5+ 24. Qd3 Qc5 25. Ke1 Be5 26. Kd2 Be6 27. Qe2
Qa5 28. Kc2 Qa4+ 29. Kb1 a5 30. Qc2 Qb5 31. Be2 Qb6 32. Nd3 Bg3 33. Bf3 Bg8 34.
Rh3 Be5 35. Nxe5 dxe5 36. Qd2 Qc7 37. Qxh6 Qf7 38. Qd6+ Ka8 39. Qa3 b6 40. Rg3
Kb7 41. Rg5 a4 42. Rxe5 1-0

[Event "XVII Weekend B"]
[Site "Campodarsego ITA"]
[Date "2006.01.22"]
[Round "5"]
[White "Cusella, Flaviano"]
[Black "Menin, Massimo"]
[Result "1-0"]
[WhiteElo "1464"]
[BlackElo "1523"]
[PlyCount "34"]
[EventDate "2006.01.20"]

1. d4 d5 2. Nf3 Nf6 3. e3 e6 4. Bd3 c5 5. c3 c4 6. Bc2 Nc6 7. Nbd2 Be7 8. e4
Qc7 9. e5 Ng8 10. O-O f6 11. Re1 fxe5 12. Nxe5 Nf6 13. Ndf3 O-O 14. Bg5 Nxe5
15. Nxe5 Ne8 16. Qh5 g6 17. Nxg6 Ng7 1-0

[Event "XVII Weekend B"]
[Site "Campodarsego ITA"]
[Date "2006.01.22"]
[Round "5"]
[White "Facchin, Francesco"]
[Black "Liekocaj, Ivan"]
[Result "1/2-1/2"]
[WhiteElo "1506"]
[BlackElo "1700"]
[PlyCount "63"]
[EventDate "2006.01.20"]

1. d4 Nf6 2. Nf3 e6 3. e3 b6 4. Bd3 Bb7 5. Nbd2 d5 6. Qe2 Be7 7. e4 dxe4 8.
Nxe4 Nxe4 9. Bxe4 Bxe4 10. Qxe4 Qd5 11. Qxd5 exd5 12. Bf4 O-O 13. Bxc7 Na6 14.
Bg3 Nb4 15. O-O Nxc2 16. Rac1 Rac8 17. Rfd1 f6 18. a3 Rc6 19. Rb1 Rfc8 20. h4
g6 21. Bf4 b5 22. Bd2 b4 23. axb4 Nxb4 24. Rdc1 Rxc1+ 25. Bxc1 Nd3 26. Bd2 Rc2
27. b4 a6 28. g3 Rb2 29. Rxb2 Nxb2 30. Ne1 Kf7 31. Kf1 f5 32. Ke2 1/2-1/2

[Event "XVII Weekend B"]
[Site "Campodarsego ITA"]
[Date "2006.01.22"]
[Round "5"]
[White "Favero, Graziano"]
[Black "Broli, Carlo"]
[Result "1/2-1/2"]
[WhiteElo "1649"]
[BlackElo "1653"]
[PlyCount "74"]
[EventDate "2006.01.20"]

1. e4 d6 2. d4 g6 3. Nc3 Nf6 4. Nf3 Bg7 5. Be2 Bg4 6. O-O O-O 7. Be3 Nbd7 8. h3
Bxf3 9. Bxf3 c6 10. Qd2 Re8 11. Rad1 Qa5 12. a3 Rad8 13. Be2 a6 14. b4 Qc7 15.
d5 cxd5 16. Nxd5 Nxd5 17. Qxd5 b5 18. Qb3 Rc8 19. Rc1 Qc3 20. a4 Rb8 21. axb5
axb5 22. Rfd1 Rec8 23. Qxc3 Rxc3 24. Rd5 Nf6 25. Rxb5 Rxb5 26. Bxb5 Nxe4 27.
Bd3 f5 28. b5 f4 29. Bxf4 Nc5 30. Bd2 Nxd3 31. cxd3 Rb3 32. Rc8+ Kf7 33. Rb8
Rxd3 34. Be3 Be5 35. g3 d5 36. Rb7 Bxg3 37. Bc5 Bh4 1/2-1/2

[Event "XVII Weekend B"]
[Site "Campodarsego ITA"]
[Date "2006.01.22"]
[Round "5"]
[White "Forato, Enrico"]
[Black "Rosina, Graziano"]
[Result "1-0"]
[WhiteElo "1951"]
[BlackElo "1521"]
[PlyCount "53"]
[EventDate "2006.01.20"]

1. e4 e5 2. Nf3 Nf6 3. Nc3 Nc6 4. Bc4 Nxe4 5. Nxe4 d5 6. Bd3 dxe4 7. Bxe4 Qf6
8. Qe2 Bd6 9. d4 h6 10. Bxc6+ bxc6 11. dxe5 Bb4+ 12. c3 Qe7 13. cxb4 Qxb4+ 14.
Qd2 Qe4+ 15. Qe3 Qb4+ 16. Bd2 Qxb2 17. O-O O-O 18. Rfb1 Qc2 19. Rc1 Qg6 20. Qc3
Bb7 21. Qc5 Rfd8 22. Rab1 Rd5 23. Qc2 Qxc2 24. Rxc2 Rb8 25. a4 Rdd8 26. Rcb2
Kh7 27. Rxb7 1-0

[Event "XVII Weekend B"]
[Site "Campodarsego ITA"]
[Date "2006.01.22"]
[Round "5"]
[White "Fragni, Enrico"]
[Black "Palumbo, Giuseppe"]
[Result "1/2-1/2"]
[WhiteElo "1844"]
[BlackElo "1631"]
[PlyCount "78"]
[EventDate "2006.01.20"]

1. c4 Nf6 2. Nc3 g6 3. Nf3 Bg7 4. e3 c5 5. Be2 e6 6. d4 cxd4 7. exd4 d5 8. O-O
dxc4 9. Bxc4 O-O 10. Bg5 Nbd7 11. Re1 Qc7 12. Bb3 a6 13. Qd2 b5 14. Rac1 Qb6
15. Bh6 Bb7 16. Bxg7 Kxg7 17. Ng5 Rac8 18. h3 Rfe8 19. Qf4 h6 20. Nf3 Qc7 21.
Ne5 Qd6 22. Nxg6 Qxf4 23. Nxf4 Rg8 24. f3 Kh8 25. Kf2 Rg7 26. Nce2 Rcg8 27. Rc7
Ba8 28. g4 a5 29. Ng3 a4 30. Bc2 Rg5 31. Nfh5 Rf8 32. Bd3 Rd5 33. Nxf6 Nxf6 34.
Ke3 Kg7 35. Ne4 Rfd8 36. Nxf6 Kxf6 37. Be4 Rxd4 38. Bxa8 Rxa8 39. f4 39... Rad8
{...} 1/2-1/2

[Event "XVII Weekend B"]
[Site "Campodarsego ITA"]
[Date "2006.01.22"]
[Round "5"]
[White "Frascati, Francesco"]
[Black "Caverzan, Leonardo"]
[Result "0-1"]
[WhiteElo "1556"]
[BlackElo "1551"]
[PlyCount "80"]
[EventDate "2006.01.20"]

1. d4 Nf6 2. Nf3 g6 3. g3 d6 4. Bg2 Bg7 5. O-O O-O 6. Nbd2 Nc6 7. c3 Bd7 8. Re1
Rb8 9. b3 e5 10. Bb2 Ne8 11. d5 Ne7 12. c4 f5 13. e4 a6 14. Qc2 Nf6 15. Rac1 b6
16. b4 Qc8 17. Ba1 Rd8 18. c5 fxe4 19. Nxe4 Bf5 20. Nxf6+ Bxf6 21. Qe2 Qb7 22.
Nxe5 Bxe5 23. Bxe5 dxe5 24. Qxe5 Nc8 25. c6 Qa7 26. h3 Nd6 27. g4 Re8 28. Qb2
Be4 29. Bxe4 Rxe4 30. Qf6 Rf8 31. Qh4 b5 32. Rxe4 Nxe4 33. Rf1 Nd2 34. Qe7 Nxf1
35. Qe6+ Kg7 36. Qe7+ Rf7 37. Qe5+ Kh6 38. g5+ Kh5 39. Qe2+ Kxg5 40. Kxf1 Qd4
0-1

[Event "XVII Weekend B"]
[Site "Campodarsego ITA"]
[Date "2006.01.22"]
[Round "5"]
[White "Giordan, Daniele"]
[Black "Demiraj, Rumi"]
[Result "1/2-1/2"]
[WhiteElo "1870"]
[BlackElo "1895"]
[PlyCount "39"]
[EventDate "2006.01.20"]

1. e4 e5 2. Nf3 Nc6 3. Bb5 a6 4. Ba4 Nf6 5. d3 d6 6. h3 Be7 7. c3 b5 8. Bc2 Bb7
9. Be3 d5 10. exd5 Nxd5 11. O-O f5 12. Qe2 O-O 13. Bd2 Bf6 14. Na3 Nb6 15. Rad1
Qe7 16. Rfe1 Rfe8 17. Bc1 Kh8 18. Nb1 Rad8 19. Nbd2 Nd7 20. Nf1 1/2-1/2

[Event "XVII Weekend B"]
[Site "Campodarsego ITA"]
[Date "2006.01.22"]
[Round "5"]
[White "Lucich, Gianni"]
[Black "Vedovato, Rudi"]
[Result "1-0"]
[WhiteElo "1550"]
[BlackElo "1706"]
[PlyCount "85"]
[EventDate "2006.01.20"]

1. d4 d5 2. c4 Nf6 3. Nc3 e6 4. Nf3 Nbd7 5. Bg5 Be7 6. e3 O-O 7. Bd3 dxc4 8.
Bxc4 b6 9. O-O Bb7 10. Rc1 h6 11. Bh4 Ne4 12. Bxe7 Qxe7 13. a3 Rac8 14. Nxe4
Bxe4 15. Ba6 Nf6 16. Bxc8 Rxc8 17. Ne5 Nd5 18. Qg4 Nf6 19. Qe2 Bb7 20. Nc6 Qd7
21. Qc4 Ne4 22. Rfd1 Nd6 23. Qc2 a5 24. f3 g5 25. d5 exd5 26. Rxd5 Qe6 27. Re5
Qf6 28. Ne7+ Kg7 29. Nxc8 Qxe5 30. Nxd6 Qxe3+ 31. Kh1 cxd6 32. Qc3+ Qe5 33. Re1
Qxc3 34. bxc3 d5 35. Rb1 Ba6 36. Rxb6 Bc4 37. Kg1 f6 38. Kf2 Kg6 39. g4 a4 40.
Ke3 Bb3 41. f4 gxf4+ 42. Kxf4 Bc4 43. h4 1-0

[Event "XVII Weekend B"]
[Site "Campodarsego ITA"]
[Date "2006.01.22"]
[Round "5"]
[White "Pagan, Andrea"]
[Black "Tomio, Dante"]
[Result "1-0"]
[WhiteElo "1733"]
[BlackElo "1831"]
[PlyCount "93"]
[EventDate "2006.01.20"]

1. d4 d5 2. c4 c6 3. Nc3 Nf6 4. Bg5 Nbd7 5. e3 dxc4 6. Bxc4 Qa5 7. Bf4 e6 8.
Nge2 b5 9. Bd3 Nd5 10. O-O Nxf4 11. Nxf4 Bd6 12. Qg4 g6 13. Qh4 Be7 14. Qh6 Bf8
15. Qh4 Bg7 16. Ne4 Qc7 17. Rac1 a6 18. d5 exd5 19. Nxd5 Qe5 20. Rxc6 O-O 21.
Ndf6+ Nxf6 22. Nxf6+ Bxf6 23. Qxf6 Qd5 24. Rd6 Qxa2 25. Be4 Rb8 26. Bd5 Qa5 27.
Bxf7+ Rxf7 28. Rd8+ Qxd8 29. Qxd8+ Rf8 30. Qd5+ Rf7 31. Rc1 Bb7 32. Qd6 Rbf8
33. f3 Kg7 34. Rc7 Rxc7 35. Qxc7+ Rf7 36. Qd6 h5 37. e4 Bc8 38. Kf2 Rd7 39.
Qe5+ Kh7 40. Ke3 Bb7 41. h3 Rf7 42. g4 hxg4 43. hxg4 Bc8 44. Qe8 Rc7 45. Qd8
Rc2 46. g5 Rc6 47. Qe7+ 1-0

[Event "XVII Weekend B"]
[Site "Campodarsego ITA"]
[Date "2006.01.22"]
[Round "5"]
[White "Quaranta, Gaetano"]
[Black "Giancristofaro, Luca"]
[Result "0-1"]
[WhiteElo "1670"]
[BlackElo "1509"]
[PlyCount "124"]
[EventDate "2006.01.20"]

1. e4 c5 2. d4 cxd4 3. c3 dxc3 4. Nxc3 e6 5. Nf3 a6 6. Bc4 Bb4 7. O-O Ne7 8.
Qd4 Bxc3 9. Qxc3 O-O 10. Bf4 Nbc6 11. Rfd1 Qa5 12. Qc2 b5 13. Bb3 Rd8 14. Rac1
Bb7 15. Qe2 Ng6 16. Bd2 Qb6 17. Be3 Qc7 18. a3 h6 19. Bc5 d6 20. Be3 Qe7 21.
Bb6 Rd7 22. Qe3 Qf6 23. Rc3 Rc8 24. Bc5 Na5 25. e5 Qf4 26. Bxd6 Qxe3 27. Rxe3
Bxf3 28. gxf3 Nxb3 29. Rxb3 Nxe5 30. Re1 Nxf3+ 31. Rxf3 Rxd6 32. Ree3 f6 33.
Rg3 Kf7 34. Kg2 Rc4 35. b3 Rf4 36. Rc3 g5 37. Rc7+ Kg6 38. Rgc3 a5 39. f3 b4
40. axb4 axb4 41. Re3 h5 42. Rb7 e5 43. Rb5 Rd2+ 44. Kf1 Rh4 45. Rb6 Kf5 46. h3
Rhd4 47. Re4 R2d3 48. Rxb4 Rxb4 49. Rxb4 Rxf3+ 50. Kg2 g4 51. hxg4+ hxg4 52.
Rb6 Kg5 53. b4 Rb3 54. b5 f5 55. Rb8 Kf4 56. b6 e4 57. b7 Rb2+ 58. Kf1 e3 59.
Ke1 g3 60. Rd8 Rxb7 61. Ke2 Rb2+ 62. Kd3 Rd2+ 0-1

[Event "XVII Weekend B"]
[Site "Campodarsego ITA"]
[Date "2006.01.22"]
[Round "5"]
[White "Reginato, Sabrina"]
[Black "Pivovarov, Michail"]
[Result "0-1"]
[WhiteElo "1493"]
[BlackElo "1600"]
[PlyCount "96"]
[EventDate "2006.01.20"]

1. e4 Nf6 2. Nc3 c6 3. d4 g6 4. f4 Bg7 5. Nf3 d6 6. Be2 Na6 7. Be3 Ng4 8. Qd2
Nb4 9. Bd3 O-O 10. O-O Nxd3 11. Qxd3 b5 12. Ne2 a5 13. Ng3 Ba6 14. Qd2 Qb6 15.
c3 Rfc8 16. f5 Nxe3 17. Qxe3 b4 18. Qf2 bxc3 19. bxc3 c5 20. d5 Qb5 21. fxg6
hxg6 22. Ng5 Bf6 23. Qf4 Qc4 24. Nf5 Qxc3 25. Nxe7+ Kg7 26. Rac1 Qe5 27. Qxe5
dxe5 28. Rxf6 Kxf6 29. Nxc8 Rxc8 30. Nf3 Bd3 31. Nd2 c4 32. Rc3 Ke7 33. Kf2 f5
34. Ke3 Kd6 35. g3 Kc5 36. a3 a4 37. Nf3 Re8 38. Ne1 Bxe4 39. d6 Rd8 40. g4
Rxd6 41. g5 Rd1 42. Nf3 Bxf3 43. Kxf3 Kd4 44. Rc2 Rd3+ 45. Ke2 e4 46. h4 c3 47.
Ke1 Rh3 48. Rg2 Rxh4 0-1

[Event "XVII Weekend B"]
[Site "Campodarsego ITA"]
[Date "2006.01.22"]
[Round "5"]
[White "Tonolo, Maurizio"]
[Black "Sartori, Francesco"]
[Result "0-1"]
[WhiteElo "1712"]
[BlackElo "1476"]
[PlyCount "55"]
[EventDate "2006.01.20"]

1. c4 Nf6 2. d4 c5 3. d5 b5 4. cxb5 a6 5. Nc3 g6 6. e4 d6 7. Bd3 Bg7 8. Nge2
O-O 9. O-O Nbd7 10. bxa6 Bxa6 11. Bxa6 Rxa6 12. Qc2 Nb6 13. Bd2 Nfd7 14. f4 Nc4
15. f5 Nxd2 16. Qxd2 Ne5 17. fxg6 hxg6 18. a4 Qb6 19. Nb5 c4+ 20. Ned4 Nd3 21.
Qe3 Ra5 22. b4 Rxb5 23. Nc2 Qxe3+ 24. Nxe3 Rxb4 25. Nc2 Rb2 26. Ne3 Bd4 27. Rf3
Rfb8 28. h3 0-1

[Event "Weekend"]
[Site "Cutro ITA"]
[Date "2006.03.24"]
[Round "1"]
[White "Camposano, Antonio"]
[Black "Paragliola, Gennaro"]
[Result "0-1"]
[WhiteElo "1389"]
[BlackElo "1544"]
[PlyCount "88"]
[EventDate "2006.03.24"]

1. c4 Nf6 2. d4 d6 3. d5 g6 4. Nd2 Bg7 5. e4 O-O 6. Bd3 e5 7. Ngf3 Nbd7 8. O-O
a5 9. Nb1 Nc5 10. Bc2 Nfxe4 11. Bxe4 Nxe4 12. Re1 f5 13. Nbd2 Nc5 14. Nb3 Nxb3
15. Qxb3 b6 16. Ng5 Re8 17. Ne6 Bxe6 18. dxe6 Rxe6 19. c5 d5 20. cxb6 Rxb6 21.
Qd3 Rab8 22. Rb1 Kh8 23. Bd2 Rb5 24. Bc3 d4 25. a4 Rb3 26. Rec1 dxc3 27. Qxd8+
Rxd8 28. bxc3 Rdb8 29. Rxb3 Rxb3 30. g3 Ra3 31. Rb1 h5 32. Rb8+ Kh7 33. Rb5
Rxa4 34. Rc5 Ra1+ 35. Kg2 a4 36. Rxc7 a3 37. Rd7 a2 38. Rd2 e4 39. c4 Rg1+ 40.
Kxg1 a1=Q+ 41. Kg2 Qc1 42. Rd7 Qxc4 43. h3 e3 44. fxe3 Qc6+ 0-1